Statistics for Advanced Spanish Conjugation: Querer

Click here to take the quiz!

General Stats

  • This quiz has been taken 190 times
  • The average score is 23 of 44

Answer Stats

PersonConjugation% Correct
yoquiero
99%
él/ellaquiere
97%
quieres
96%
nosotrosqueremos
92%
ellos/ellas/ustedesquieren
88%
vosotrosqueréis
76%
él/ellaquería
73%
yoquería
73%
querías
71%
ellos/ellas/ustedesquerían
68%
yoquise
68%
nosotrosqueríamos
67%
quisiste
64%
él/ellaquiso
64%
vosotrosqueríais
58%
él/ellaquiera
57%
yoquiera
57%
ellos/ellas/ustedesquisieron
57%
nosotrosquisimos
57%
yoquerré
47%
ellos/ellas/ustedesquieran
46%
quieras
46%
él/ellaquerrá
45%
nosotrosqueramos
44%
querrás
43%
nosotrosquerremos
43%
yoquerría
40%
él/ellaquerría
40%
vosotrosquisisteis
40%
vosotrosqueráis
39%
ellos/ellas/ustedesquerrán
39%
Participle:querido
38%
nosotrosquerríamos
38%
querrías
38%
Gerund:queriendo
37%
ellos/ellas/ustedesquerrían
37%
vosotrosquerréis
35%
vosotrosquerríais
35%
yoquisiera
35%
él/ellaquisiera
35%
quisieras
33%
ellos/ellas/ustedesquisieran
32%
nosotrosquisiéramos
31%
vosotrosquisierais
26%

Score Distribution

Percentile by Number Answered

Percent of People with Each Score

Your Score History

You have not taken this quiz